000 00569nam a2200229Ia 4500
005 20260320201643.0
008 008 262003s9999 xx 000 0 eng d
037 _aEBOOK
040 _aCRL
040 _beng
040 _cCRL
041 _2eng
041 _aeng
084 _qCRL
100 _aHelena Jin
_91135572
245 0 _aAdvancement of Optical Methods in Experimental Mechanics, 2013
260 _bIEEE
856 _uhttps://ieeexplore.ieee.org/servlet/opac?bknumber=11054345
942 _cEBOOK
999 _c1722735
_d1722735